000 00624nam a2200205Ia 4500
003 OSt
005 20260508112453.0
008 210210b1989 xxu||||| |||| 00| 0 eng d
040 _cAL
041 _aSanskrit
082 _aS891.2 VENS
100 _aVENKAMATYA.
_dवेङ्कमत्यः
_9263604
245 _aSitakalynavithi
_bसीताकल्याणविथि
260 _aMysore
_bOriental research institute
_c1989
300 _a47
690 _aSanskrit Drama
_9263605
700 _aR Raghavendra Rao.
_d राघवेन्द्र राव् ed
_9263606
906 _a045847
942 _2ddc
_cBK
999 _c95163
_d95163